000
00196 a2200097 4500
020
_a
9781848357969
041
_a
spa
100
_a
Archer, Mandy
245
_a
Autos de Carreras en Accion
942
_c
BK
999
_c
8817
_d
8817